ბათუმის შოთა რუსთაველის სახელმწიფო უნივერსიტეტის ბიბლიოთეკა

კოლხური" და "ფრიგიული" სახლები.vitruvius II, I, 4, 5= "Колхские" и "Фригийские" дома. / (ბიბ.ჩანაწერი № 38434)

000 -ლიდერი
ფიქსირებული სიგრძის საკონტროლო ველი 00965nam a2200217Ia 4500
001 - საკონტროლო ნომერი
საკონტროლო ველი 4445
003 - საკონტროლო ნომრის იდენტიფიკატორი
საკონტროლო ველი GE_BSU
005 - ბოლო ოპერაციის თარიღი და დრო
საკონტროლო ველი 20190515191908.0
008 - ფიქსირებული სიგრძის მონაცემთა ელემენტები - ზოგადი ინფორმაცია
ფიქსირებული სიგრძის საკონტროლო ველი 181216s1995||||ge |||||||||||||| ||geo||
040 ## - კატალოგიზაციის წყარო
Transcribing agency GE_BSU
041 ## - ენის კოდი
Language code of text/sound track or separate title geo
080 ## - უნივერსალური ათობითი კლასიფიკაციის ინდექსი
Universal Decimal Classification number 72 ყ–56
100 ## - მთავარი ჩანაწერი - პიროვნების სახელი
Personal name ყიფიანი,გ.
9 (RLIN) 1194
245 ## - ცნობა სათაურის შესახებ
Title კოლხური" და "ფრიგიული" სახლები.vitruvius II, I, 4, 5= "Колхские" и "Фригийские" дома. /
Statement of responsibility, etc გ.ყიფიანი ; ნ. ამაშუკელი ; რედ : ნ. ნადარაია.
264 ## - წარმოების, გამოცემის, დისტრიბუციის და სხვა ცნობები
გამოცემის, წარმოების, დისტრიბუციის... ადგილი თბილისი :
გამოცემის, წარმოების, დისტრიბუციის... სახელწოდება ცისარტყელა,
გამოცემის, წარმოების, დისტრიბუციის... თარიღი 1995.
300 ## - ფიზიკური აღწერა
Extent 35 გვ . ;
Other physical details ილ ;
Dimensions 29 სმ.
653 ## - INDEX TERM--UNCONTROLLED
Uncontrolled term კოლხური" და "ფრიგიული" სახლები
700 ## - ADDED ENTRY--PERSONAL NAME
Personal name ამაშუკელი, ა
9 (RLIN) 1195
700 ## - ADDED ENTRY--PERSONAL NAME
Personal name ნადარაია, ნ
Relator term რედაქტორი
9 (RLIN) 1196
942 ## - ADDED ENTRY ELEMENTS (KOHA)
Koha item type წიგნი
Source of classification or shelving scheme
ეგზემპლარები
ჩამოწერის სტატუსი დაკარგული ეგზემპლარის სტატუსი კლასიფიკაციის წყარო ან თაროზე გაწყობის სქემა დაზიანების სტატუსი არ გაიცემა მუდმივი მდებარეობა (დაცვის ადგილი) ამჟამინდელი ადგილსამყოფელი თაროზე განთავსების ადგილი შეძენის თარიღი სრული შენახვის შიფრი შტრიხკოდი ბოლო ოპერაციის თარიღი ეგზემპლარის მიმდევრობითი ნომერი (კეტერი?) ფასის ძალაში შესვლის თარიღი ეგზემპლარის სახეობა ღირებულება, შესყიდვის ნორმალური ფასი Uniform Resource Identifier საჯარო შენიშვნა
          ბათუმის შოთა რუსთაველის სახელმწიფო უნივერსიტეტის მთავარი ბიბლიოთეკა ბათუმის შოთა რუსთაველის სახელმწიფო უნივერსიტეტის მთავარი ბიბლიოთეკა წიგნსაცავი 2023-04-18 72 ყ–56 64275 2023-04-18 64275 2023-04-18 წიგნი 5.00 ბსუ-ს საპატიო დოქტორის გურამ ლორთქიფანიძის საჩუქარი 5.00
          ტექნოლოგიური ფაკულტეტის ბიბლიოთეკა ტექნოლოგიური ფაკულტეტის ბიბლიოთეკა წიგნსაცავი 2018-12-17 72 ყ–56 8586 2018-12-17 8586 2018-12-17 წიგნი      
          ტექნოლოგიური ფაკულტეტის ბიბლიოთეკა ტექნოლოგიური ფაკულტეტის ბიბლიოთეკა წიგნსაცავი 2018-12-17 72 ყ–56 8587 2018-12-17 8587 2018-12-17 წიგნი      
          ტექნოლოგიური ფაკულტეტის ბიბლიოთეკა ტექნოლოგიური ფაკულტეტის ბიბლიოთეკა წიგნსაცავი 2018-12-17 72 ყ–56 8588 2018-12-17 8588 2018-12-17 წიგნი      
          ტექნოლოგიური ფაკულტეტის ბიბლიოთეკა ტექნოლოგიური ფაკულტეტის ბიბლიოთეკა წიგნსაცავი 2018-12-17 72 ყ–56 8589 2018-12-17 8589 2018-12-17 წიგნი      
          ტექნოლოგიური ფაკულტეტის ბიბლიოთეკა ტექნოლოგიური ფაკულტეტის ბიბლიოთეკა წიგნსაცავი 2018-12-17 72 ყ–56 8590 2018-12-17 8590 2018-12-17 წიგნი      
          ტექნოლოგიური ფაკულტეტის ბიბლიოთეკა ტექნოლოგიური ფაკულტეტის ბიბლიოთეკა წიგნსაცავი 2018-12-17 72 ყ–56 8591 2018-12-17 8591 2018-12-17 წიგნი      
          ტექნოლოგიური ფაკულტეტის ბიბლიოთეკა ტექნოლოგიური ფაკულტეტის ბიბლიოთეკა წიგნსაცავი 2018-12-17 72 ყ–56 8592 2018-12-17 8592 2018-12-17 წიგნი